| 000 | 00618cam a22002291 4500 | ||
|---|---|---|---|
| 001 | sa 66006692 | ||
| 003 | DLC | ||
| 005 | 20260227112258.0 | ||
| 008 | 941024s1964 ii a 000 0 beno | ||
| 010 | _asa 66006692 | ||
| 025 | _aPL480:EP-B-1034 | ||
| 035 | _a(OCoLC)31349477 | ||
| 040 |
_aDLC _cCU _dCU _dDLC |
||
| 042 | _apremarc | ||
| 050 | 0 | 0 |
_aBP80.A183 _bM6 |
| 100 | 1 |
_aMoudud, Abdul, _d1908- |
|
| 245 | 1 | 0 | _aŚāh Ābadula Latipha Bhiṭāi. |
| 260 | _c[1964] | ||
| 300 |
_a127 p. _billus. _c18 cm. |
||
| 500 | _aIn Bengali. | ||
| 600 | 0 | 0 |
_aʻAbd al-Laṭīf, _cShah, _dapproximately 1689-approximately 1752. |
| 999 |
_c70657 _d70657 |
||